000
00327nam a2200133Ia 4500
005
20251222155146.0
008
251222s9999||||xx |||||||||||||| ||spa||
082
_a
FIL. 10
100
_a
GAARDER Jostein,
245
0
_a
Novela Historia Filosofía "El Mundo de Sofía"
250
_a
1ra. ed.
264
_b
Patria
942
_c
LIB
999
_c
39381
_d
39381